1530 1811 1672 1793 1840 1717 1757 1407 1608 1637 1049 1870 1117 1880 1900 1058 1287 1717 1939 1698 1839 1095 1583 1705 1951 1513 1151 1416 1214 1269 1301 1543 1197 1547 1770 1913 1659 1204 1509 1433 1250 1460 1329 1671 1173 1656 1267 1062 1459 1599 1854 1839 1519 1755 1953 1488 1134 1604 1825 1005 1215 1472 1860 1947 1143 1549 1056 1510 1431 1603 1453 1586 1038 1049 1465 1861 1716 1161 1868 1895 1653 1008 1832 1285 1784 1646 1979 1823 1421 1880 1927 1565 1073 1218 1835 1952 1557 1197 1479 BCNSPRNW ULIB Ver.6.0+V

เปลี่ยนเป็นภาษาไทย

Change to English
 แสดงรายละเอียดบรรณานุกรม
  กลับหน้าหลัก

Brief Record : Get Marc (ISO 2709) : E-mail record : QR code < ปิดหน้าต่าง
LEADER : 00000nam 2200000uu 4500
001    13399111399
003     ULIB
008    110623s||||||||th 000 0 tha d
050  4 BQ940^bอ811 มปป.
245 00 อุตตมะ 84 ปี
260    กรุงเทพฯ :^bอมรินทร์พริ้นติ้ง,^c2537
300    586 หน้า :^bภาพประกอบ ;^c30 ซม.
500    จัดพิมพ์เป็นที่ระลึกในงานฉลองชนมายุ 84 ปี พระราชอุดมมงคลพหลนราทร วัดวังก์วิเวการาม อำเภอสังขละบุรี จังหวัดกาญจนบุรี วันที่ 17 มีนาคม พุทธศักราช 2537
600 07 พระราชอุดมมงคล พหลนราทร,^d2453-
650  7 ชีวประวัติ
650  7 สงฆ์^zไทย^vชีวประวัติ
945    ^p200^l0^i027738
995    ทศพร
999 ^a ใช้งานได้ทุกระบบ
รายการนี้ยังไม่มีแท็ก
คุณยังไม่ได้ล็อกอิน คุณสามารถมีกิจกรรมร่วมกับเว็บไซต์ได้ แต่ต้องล็อกอินก่อน ::
  ล็อกอิน

รายการสื่อสารสนเทศ

ลำดับที่ ประเภท เลขเรียก/บาร์โค้ด สถานที่ สถานะ
- ไม่พบข้อมูล -

รายการใกล้เคียง
    หัวเรื่อง [ชีวประวัติ]

BibComment


ยังไม่เคยถูกคอมเมนท์

คอมเมนท์ทรัพยากรรายการนี้
  คอมเมนท์: อุตตมะ 84 ปี


 Copyright 2026. Bcnsprnw @Library